MULYADHISHTIT SHIKSHAN (Record no. 357488)
[ view plain ]
| 000 -LEADER | |
|---|---|
| fixed length control field | 003200000a22001210004500 |
| 005 - DATE AND TIME OF LATEST TRANSACTION | |
| control field | 20120302062725.0 |
| 040 ## - CATALOGING SOURCE | |
| Original cataloging agency | MAR |
| 100 ## - MAIN ENTRY--PERSONAL NAME | |
| Personal name | |
| -- | |
| Numeration | |
| Titles and other words associated with a name | |
| 245 ## - TITLE STATEMENT | |
| Title | MULYADHISHTIT SHIKSHAN |
| 260 ## - PUBLICATION, DISTRIBUTION, ETC. (IMPRINT) | |
| Place of publication, distribution, etc | MAHARASHTRA RAJYA STARIYA MULYADHISHTIT SHIKSHAN PARISHAD ,2001 |
| 650 ## - SUBJECT ADDED ENTRY--TOPICAL TERM | |
| Topical term or geographic name as entry element | SANKIRNA / AHAWAL / SHIKSHAN |
| 942 ## - ADDED ENTRY ELEMENTS (KOHA) | |
| Koha item type | Book |
| Withdrawn status | Lost status | Damaged status | Not for loan | Home library | Current library | Date acquired | Total Checkouts | Barcode | Date last seen | Price effective from |
|---|---|---|---|---|---|---|---|---|---|---|
| Institute For Oriental Study, Thane | Institute For Oriental Study, Thane | 12/02/2009 | IOS-M 18541 | 12/02/2009 | 12/02/2009 |